<?xml version="1.0" encoding="UTF-8"?>
<marc:record xmlns:marc="http://www.loc.gov/MARC21/slim">
   <marc:leader>00000nam a2200000 a 4500</marc:leader>
   <marc:datafield ind1="1" ind2=" " tag="100">
      <marc:subfield code="a">Stange, Hermann</marc:subfield>
      <marc:subfield code="4">aut</marc:subfield>
      <marc:subfield code="e">Verfasser/-in</marc:subfield>
   </marc:datafield>
   <marc:datafield ind1="1" ind2=" " tag="100">
      <marc:subfield code="a">Grossmann-Hensel, Katharina</marc:subfield>
      <marc:subfield code="4">aut</marc:subfield>
      <marc:subfield code="e">Verfasser/-in</marc:subfield>
   </marc:datafield>
   <marc:datafield ind1="0" ind2="0" tag="245">
      <marc:subfield code="a">Zeus, Herkules und Co</marc:subfield>
   </marc:datafield>
   <marc:datafield ind1="0" ind2="0" tag="245">
      <marc:subfield code="b">griechische Götter, Helden und Abenteuer</marc:subfield>
   </marc:datafield>
   <marc:datafield ind1="0" ind2="0" tag="245">
      <marc:subfield code="c">Stange, Hermann</marc:subfield>
   </marc:datafield>
   <marc:datafield ind1=" " ind2="1" tag="264">
      <marc:subfield code="a">Wien</marc:subfield>
      <marc:subfield code="b">Betz</marc:subfield>
      <marc:subfield code="c">2009</marc:subfield>
   </marc:datafield>
   <marc:datafield ind1="1" ind2=" " tag="520">
      <marc:subfield code="a">Die griechischen Sagen neu und mit Humor erzählt. (ab 8) (JD)      Zeus war cholerisch veranlagt und ein Frauenheld dazu. Viele Söhne und Töchter wurden ihm geboren, außerdem gab es zahlreiche Halbgötter und dazu kamen noch die von den Göttern begünstigten Helden. Die mit sehr ansprechenden Illustrationen versehenen Geschichten werden auf kurzweilige Weise nachempfunden, nicht in epischer Breite natürlich, aber doch so, dass kleinen LeserInnen das Wichtigste vermittelt wird. Der Stil ist flott - und ein bisschen frech. Und man begreift: Wo immer Götter und Menschen zusammentreffen, entstehen Tragödien. Sehr empfehlenswert für Kinder ab 8 Jahren und auch für Erwachsene.  *bn* Rebecca Englert</marc:subfield>
   </marc:datafield>
   <marc:datafield ind1=" " ind2=" " tag="020">
      <marc:subfield code="a">9783219114058</marc:subfield>
      <marc:subfield code="9">9783219114058</marc:subfield>
   </marc:datafield>
   <marc:datafield ind1=" " ind2=" " tag="020">
      <marc:subfield code="a">3219114059</marc:subfield>
      <marc:subfield code="9">3219114059</marc:subfield>
   </marc:datafield>
   <marc:datafield ind1=" " ind2=" " tag="041">
      <marc:subfield code="a">ger</marc:subfield>
   </marc:datafield>
   <marc:datafield ind1=" " ind2=" " tag="338">
      <marc:subfield code="a">Band</marc:subfield>
   </marc:datafield>
   <marc:datafield ind1=" " ind2=" " tag="300">
      <marc:subfield code="a">[16] Bl. : überw. Il</marc:subfield>
   </marc:datafield>
</marc:record>
